လာအိုနိုင်ငံရေးအပြောင်းအလဲများနှင့် မီးလျှံကြားမှကမ္ဘောဒီးယား / (Record no. 27387)

000 -LEADER
fixed length control field 01404nam a22002177a 4500
005 - DATE AND TIME OF LATEST TRANSACTION
control field 20240910083150.0
008 - FIXED-LENGTH DATA ELEMENTS--GENERAL INFORMATION
fixed length control field 230721b ||||| |||| 00| 0 eng d
040 ## - CATALOGING SOURCE
Transcribing agency SSBUL
Modifying agency SSBUL
082 ## - DEWEY DECIMAL CLASSIFICATION NUMBER
Edition number 23
Classification number ၉၅၉.၄ အုန်း
Item number ၁၆၀၀၀ (S-SAT)
100 0# - MAIN ENTRY--PERSONAL NAME
Personal name အုန်းသွင်၊ ချောင်းဆုံ
9 (RLIN) 17501
245 1# - TITLE STATEMENT
Title လာအိုနိုင်ငံရေးအပြောင်းအလဲများနှင့် မီးလျှံကြားမှကမ္ဘောဒီးယား /
Statement of responsibility, etc. ချောင်းဆုံအုန်းသွင်။
260 ## - PUBLICATION, DISTRIBUTION, ETC.
Place of publication, distribution, etc. ရန်ကုန်၊
Name of publisher, distributor, etc. မြစာပေပေ
Date of publication, distribution, etc. ၁၉၇၆။
300 ## - PHYSICAL DESCRIPTION
Extent ၃၂၀ စာမျက်နှာ၊
Other physical details ဓာတ်ပုံများ၊
Dimensions ၁၈ စင်တီ။
500 ## - GENERAL NOTE
General note S-SAT: Sai Aung Tun.
504 ## - BIBLIOGRAPHY, ETC. NOTE
Linkage အက္ခရာစဥ်အညွှန်းပါသည်။
650 ## - SUBJECT ADDED ENTRY--TOPICAL TERM
Topical term or geographic name entry element လာအိုနိင်ငံ
Form subdivision နိုင်ငံရေးနှင့် အစိုးရ။
9 (RLIN) 28218
Topical term or geographic name entry element လာအိုနိင်ငံ
Form subdivision သမိုင်း။
9 (RLIN) 28219
Topical term or geographic name entry element ကမ္ဘောဒီးယားနိုင်ငံ
Form subdivision နိုင်ငံရေးနှင့်အစိုးရ။
9 (RLIN) 28220
Topical term or geographic name entry element ကမ္ဘောဒီးယားနိုင်ငံ
Form subdivision သမိုင်း။
9 (RLIN) 28221
942 ## - ADDED ENTRY ELEMENTS (KOHA)
Source of classification or shelving scheme
Koha item type Book (Short term)
Holdings
Withdrawn status Lost status Source of classification or shelving scheme Damaged status Not for loan Collection code Permanent Location Current Location Shelving location Date acquired Total Checkouts Full call number Barcode Date last seen Price effective from Koha item type Accession
          Special Collections Shan State Buddhist University Library Shan State Buddhist University Library Special Collection Shelves 21/07/2023   ၉၅၉.၄ အုန်း ၁၆၀၀၀ (S-SAT) MB00016000 21/07/2023 21/07/2023 Book (Short term) ၁၆၀၀၀ (S-SAT)

Library - 09407999929
Admin Office - 09407999979
Dean Office - 09250910768
Registrar Office - 09892297154
Email - [email protected]
Shan State Buddhist University, Phaya Phyu Taunggyi, Shan State, Myanmar.